000 00236nam a2200085Ia 4500
008 120527s9999 xx 000 0 und d
100 _aBeeghey, Leonard
245 _aThe structure of scoical stratification in the united state
942 _cBK
999 _c27739
_d27739